000 00196 a2200097 4500
001 3570
100 _aCaws, P
245 _aPhilosophy of science
260 _a
_bVan-Nost
_c
090 _c2834
_d2834
942 _aNUST-CAE
_cM
_c20380
999 _c238643
_d238643